Quotable Slogans II Quiz Stats

 Plays Quiz Updated Jun 26, 2018

Score 0/50 Timer 06:00
5 Plays Today
% Correct
Nike
91%
Skittles
90.2%
Papa John's
90.1%
Kellogg's Frosted Flakes
90%
Reese's Peanut Butter Cups
89.2%
Subway
86.9%
Kit Kat
86.2%
Disneyland
85.8%
Energizer
84.5%
Allstate Insurance
84%
FedEx
83.8%
M&Ms
83.6%
New York Times
83.6%
Verizon Wireless
83.1%
Red Bull
81.6%
Wheaties
81.5%
Mazda
79.9%
Ebay
79.6%
Foster's
77.7%
Gillette
77.2%
7-Up
77.2%
Wendy's
77.1%
Bounty
77.1%
Heinz
76.5%
Rolaids
76.5%
% Correct
Dos Equis
76.2%
Timex
75.3%
Pringles
74.9%
Kodak
74.7%
Playstation 2
73.4%
Yellow Pages
73.3%
L'oreal
72.6%
American Express
72.2%
TNT
71.6%
Hallmark
71.2%
Campbell's Soup
71%
Rice-A-Roni
70.5%
British Airways
69.9%
Exxon
69.6%
Sporcle
68.7%
Capital One
66.6%
IHOP
66%
Target
65.6%
Mentos
65.4%
Lays Chips
64.3%
Snickers
61.1%
Southwest Airlines
60.8%
Miller Lite
60.6%
Delta Airlines
58.8%
Budweiser
58.6%

You're not logged in!

Compare scores with friends on all Sporcle quizzes.
OR
Log In

Sporcle TV

Today on Sporcle TV


Watch our educational content, quiz creation guides, and fun videos on Sporcle TV.

Show Comments

Extras

Top Quizzes Today


Score Distribution

Your Account Isn't Verified!

In order to create a playlist on Sporcle, you need to verify the email address you used during registration. Go to your Sporcle Settings to finish the process.

Report this User

Report this user for behavior that violates our Community Guidelines.

Details: